000 00367nam a2200157Ia 4500
003 Ost
005 20260225132553.0
008 260225s9999||||xx |||||||||||||| ||und||
040 _cfsic
041 _afre
082 _a440
100 _aAntoine leon
_eAuteur
245 0 _aHistoire de l'education populaire en france /
245 0 _cAntoine leon
942 _cكتاب
999 _c34257
_d34257